| Tag |
First Indicator |
Second Indicator |
Subfields |
| LEADER |
00000cam a22000008a 4500 |
| 001 |
in00000069536 |
| 005 |
20151008054501.0 |
| 008 |
810831s1981 nyu 00110 eng |
| 010 |
|
|
|a 81015350
|
| 020 |
|
|
|a 0030443369 :
|c $16.95
|
| 035 |
|
|
|a (OCoLC)07795735
|
| 035 |
|
|
|9 AAJ0799AM
|
| 039 |
0 |
|
|a 2
|b 3
|c 3
|d 3
|e 3
|
| 040 |
|
|
|a DLC
|c DLC
|d TXA
|d UtOrBLW
|
| 049 |
|
|
|a TXAM
|c [1672326]
|
| 050 |
0 |
0 |
|a PN4784.F6
|b P6
|
| 082 |
0 |
|
|a 070.4/33
|2 19
|
| 100 |
1 |
|
|a Pollock, John Crothers.
|
| 245 |
1 |
4 |
|a The politics of crisis reporting :
|b learning to be a foreign correspondent /
|c by John Crothers Pollock.
|
| 263 |
|
|
|a 8109
|
| 264 |
|
1 |
|a New York :
|b Praeger,
|c 1981.
|
| 300 |
|
|
|a xvi, 221 pages ;
|c 25 cm.
|
| 336 |
|
|
|a text
|b txt
|2 rdacontent
|
| 337 |
|
|
|a unmediated
|b n
|2 rdamedia
|
| 338 |
|
|
|a volume
|b nc
|2 rdacarrier
|
| 500 |
|
|
|a Includes index.
|
| 504 |
|
|
|a Bibliography: pages 203-212.
|
| 650 |
|
0 |
|a Foreign news.
|
| 650 |
|
0 |
|a Reporters and reporting.
|
| 650 |
|
0 |
|a Foreign correspondents.
|
| 999 |
|
|
|a MARS
|
| 999 |
f |
f |
|s c7e32bc3-6ee6-3ec9-98ce-ce1c585cc271
|i 7a38d7e3-b82a-3ea3-b571-14a3d9657449
|t 0
|
| 952 |
f |
f |
|p ric
|a Texas A&M University
|b Rellis Campus
|c Joint Library Facility
|d Remote Storage
|t 0
|e PN4784.F6 P6
|h Library of Congress classification
|i unmediated -- volume
|m A14806179325
|
| 998 |
f |
f |
|a PN4784.F6 P6
|t 0
|l Remote Storage
|